Datum a čas kvízu
26.5
Celkem bodů
Celkový počet nahraných bodů na tomto kvízu bez doplňovacích otázek.
9.
Pořadí na kvízu
Konečné umístění týmu na tomto kvízu.
Zaznamenané odpovědi
| # | Otázka | Odpověď | Body | Výsledky |
|---|---|---|---|---|
| 1. | Ústavní soud odmítl stížnost N... | Bouzov | 1 | |
| 2. | Minulý pátek proběhla ve více... | Fridays for Future | 0 | |
| 3. | Český film, který měl minulý t... | Román pro pokročilé | 1 | |
| 4. | Minulý týden byla potvrzena fú... | Česká pojišťovna, Pojišťovna Generali | 0 | |
| 5. | V pátek začala v Japonsku nejv... | ragby | 1 | |
| 6. | V tomto tématu se podíváme na... | B | 0 | |
| 5. | CHKO Kokořínsko byla v roce 20... | Karel Hynek Mácha | 1 | |
| 5. | Jak se nazývá zřícenina gotick... | Děvičky | 1 | |
| 5. | Součástí jedné z nejnavštěvova... | Šumava | 1 | |
| 5. | Oceňovaný minipivovar Matuška... | Křivoklátsko | 1 |